Geography Quiz

Random Geography or State Quiz
Score 0/9 Timer 01:30
0 Plays Today
% Correct
Denver
86.4%
Santa Fe
75.8%
Sacramento
75.8%
Juneau
72%
Carson City
71.2%
Olympia
66.7%
Boise
65.2%
Salem
54.5%
Cheyenne
42.4%
Remove Ads.
Support Sporcle.
Get the best of Sporcle when you Go Orange. This ad-free experience offers more features, more stats, and more fun while also helping to support Sporcle. Thank you for becoming a member.

You're not logged in!

Compare scores with friends on all Sporcle quizzes.
OR
Log In

Show Comments

Extras

Top Quizzes Today


Score Distribution

Your Account Isn't Verified!

In order to create a playlist on Sporcle, you need to verify the email address you used during registration. Go to your Sporcle Settings to finish the process.

Report this User

Report this user for behavior that violates our Community Guidelines.

Details: